| 000 | 01017cam a2200301 i 4500 | ||
|---|---|---|---|
| 001 | 18904 | ||
| 003 | CO-MdFUSB | ||
| 005 | 20220903091222.0 | ||
| 008 | 220903t2008 sp |||| |||| 00| 0 spa d | ||
| 020 | _a978-84-249-1676-X | ||
| 040 |
_bspa. _aCO-MdFUSB _cCO-MdFUSB _dCO-MdFUSBC _erda |
||
| 041 | _aspa | ||
| 082 | 0 | 4 | _aA717f |
| 100 | 1 |
_aAristóteles _eAutor |
|
| 245 | 1 | 0 |
_aFísica / Aristóteles ; _c/ introducción, traducción y notas por Guillermo R. De Echandía |
| 264 | 1 |
_aMadrid : _bGredos, _c[2008] |
|
| 264 | 4 | _c© 2008 | |
| 300 |
_a506 páginas _c; |
||
| 336 |
_2rdacontent _atexto _btxt |
||
| 337 |
_2rdamedia _asin mediación _bn |
||
| 338 |
_2rdacarrier _avolumen _bnc |
||
| 501 | _apasta dura | ||
| 505 | _aLa episteme de la physis -- Física y Ontología -- Las formas de argumentación de la Física. Episteme, dialéctica y retórica -- Sobre el texto y la traducción -- Libro I al Libro VIII | ||
| 653 | _aFísica | ||
| 653 | _aAristóteles | ||
| 942 | _cBK | ||
| 945 | _aEstudiante | ||
| 999 |
_c45304 _d45304 |
||